000 00379 a2200121 4500
020 _a0471965421
082 _a620.0015 SMI
100 _aSmith, I. M.
245 _aProgramming the finite Element Method
_cI. M. Smith, D. V. Griffiths
250 _a3rd Ed .
260 _aNew york :
_bJohn Wiley and Sons,
_c1982
300 _axii, 528p. :
_bill . ;
_c22 cm
650 _aFinite Element Method -- Computer Programs
999 _c739
_d739